Normal view
MARC view
- Charlotte Ed
Entry Personal Name
001 - CONTROL NUMBER
- control field: 22076
003 - CONTROL NUMBER IDENTIFIER
- control field: OSt
005 - DATE AND TIME OF LATEST TRANSACTION
- control field: 20220803172105.0
008 - FIXED-LENGTH DATA ELEMENTS
- fixed length control field: 220803|| aca||aabn | a|a d
040 ## - CATALOGING SOURCE
- Original cataloging agency: OSt
- Transcribing agency: OSt
100 ## - HEADING--PERSONAL NAME
- Personal name: Charlotte Ed
670 ## - SOURCE DATA FOUND
- Source citation: Work cat.: (OSt)14414: Charlotte Ed., Domus : 1995-1999, 2006